A BRIEF HISTORY OF TIME (Record no. 26826)
[ view plain ]
| 000 -LEADER | |
|---|---|
| fixed length control field | 00284nam a22001337a 4500 |
| 003 - CONTROL NUMBER IDENTIFIER | |
| control field | SGT |
| 020 ## - INTERNATIONAL STANDARD BOOK NUMBER | |
| International Standard Book Number | 9780553175219 |
| 082 ## - DEWEY DECIMAL CLASSIFICATION NUMBER | |
| Classification number | 370,HAW |
| 100 ## - MAIN ENTRY--PERSONAL NAME | |
| Personal name | HAWKING STEPHEN |
| 245 ## - TITLE STATEMENT | |
| Title | A BRIEF HISTORY OF TIME |
| 260 ## - PUBLICATION, DISTRIBUTION, ETC. (IMPRINT) | |
| Place of publication, distribution, etc | LONSON |
| Name of publisher, distributor, etc | BANTON BOOKS |
| Year of Publication | 1988 |
| 300 ## - PAGE DESCRIPTION | |
| No. of Pages | 219 |
| 942 ## - ADDED ENTRY ELEMENTS (KOHA) | |
| Source of classification or shelving scheme | Dewey Decimal Classification |
| Koha item type | Books |
| Withdrawn status | Lost status | Source of classification or shelving scheme | Damaged status | Not for loan | Collection code | Home library | Current library | Shelving location | Date acquired | Vendor Name | Cost, normal purchase price | SGTU | Bill Number | Full call number | Accession No. (Barcode) | Date last seen | Bill Date | Koha item type | Total Checkouts |
|---|---|---|---|---|---|---|---|---|---|---|---|---|---|---|---|---|---|---|---|
| Dewey Decimal Classification | Not For Loan | EDUCATION | SGT Engineering Library | SGT Engineering Library | Reference Book | 27/08/2024 | AHUJA BOOK COMPANY | 499.00 | SGTU | 19161 | 370,HAW | ED5328 | 27/08/2024 | 27/06/2024 | Books | ||||
| Dewey Decimal Classification | EDUCATION | SGT Engineering Library | SGT Engineering Library | Text Book | 27/08/2024 | AHUJA BOOK COMPANY | 499.00 | SGTU | 19161 | 370,HAW | ED5329 | 27/08/2024 | 27/06/2024 | Books | |||||
| Dewey Decimal Classification | EDUCATION | SGT Engineering Library | SGT Engineering Library | Text Book | 27/08/2024 | AHUJA BOOK COMPANY | 499.00 | SGTU | 19161 | 370,HAW | ED5330 | 27/08/2024 | 27/06/2024 | Books |